FIFA 18 Best Football Teams - Statistics

General Stats
  • This quiz has been taken 2,004 times
  • The average score is 17 of 21
Answer Stats
Rank Team OVA ATT MID DEF % Correct
4 FC Barcelona 84 87 84 83
99%
1 Real Madrid 86 87 86 86
99%
9 Manchester City 83 84 85 81
98%
8 Manchester United 83 86 83 81
97%
2 FC Bayern Munich 86 91 86 85
96%
6 Chelsea 84 85 85 82
94%
3 Juventus 85 90 84 84
93%
13 Liverpool 82 83 82 80
93%
10 Arsenal 83 86 82 81
92%
5 Paris Saint-Germain 84 85 83 83
92%
11 Borussia Dortmund 82 82 82 81
90%
7 Atletico Madrid 83 84 82 84
89%
19 AC Milan 80 76 80 81
87%
12 Tottenham Hotspur 82 86 82 82
87%
20 Inter 80 82 81 78
86%
14 AS Roma 81 80 82 81
72%
15 Napoli 81 83 82 80
72%
17 Sevilla FC 80 80 80 79
60%
18 AS Monaco 80 82 81 78
54%
21 Everton 80 79 82 79
47%
16 Villarreal 80 80 80 79
31%
No matching quizzes found
Score Distribution
Percent of People with Each Score
Percentile by Number Answered
Your Score History
You have not taken this quiz